000 00372pam a2200157a 44500
008 230515b1986 xxu||||| |||| 00| 0 eng d
020 _aNULL
041 _aENGL
082 _a696 /STE
100 _aSTEIN B.
245 _aMECHANICAL AND ELECTRICAL EQUIPMENT FOR BUILDING VOL-1
250 _aN.D.
260 _aNULL
_bC.B.S
_c1986
300 _a725 PB
650 _aNULL
999 _c626976
_d626976